Mid-Year review of the economy 1994-95 (Record no. 480970)

000 -LEADER
fixed length control field 00414cam a22001457a 4500
008 - FIXED-LENGTH DATA ELEMENTS--GENERAL INFORMATION
fixed length control field 180718b1995 xxu||||| |||| 00| 0 eng d
020 ## - INTERNATIONAL STANDARD BOOK NUMBER
International Standard Book Number 8122003982
082 ## - DEWEY DECIMAL CLASSIFICATION NUMBER
Classification number T19x54 P218
245 ## - TITLE STATEMENT
Title Mid-Year review of the economy 1994-95
Statement of responsibility, etc. edited by Kirit S. Parikh
260 ## - PUBLICATION, DISTRIBUTION, ETC.
Place of publication, distribution, etc. Delhi
Name of publisher, distributor, etc. Konark
Date of publication, distribution, etc. 1995
300 ## - PHYSICAL DESCRIPTION
Extent 247p.
650 ## - SUBJECT ADDED ENTRY--TOPICAL TERM
Topical term or geographic name entry element India - Economic policy
650 ## - SUBJECT ADDED ENTRY--TOPICAL TERM
Topical term or geographic name entry element Economic development
700 ## - ADDED ENTRY--PERSONAL NAME
Personal name Parikh, Kirit S.
Holdings
Withdrawn status Lost status Damaged status Not for loan Permanent Location Current Location Date acquired Full call number Barcode Date last seen Price effective from Koha item type
        Indian Institute of Public Administration Indian Institute of Public Administration 2018-08-04 T19x54 P218 GR14612 2018-08-04 2018-08-04 GR

Powered by Koha